| 000 | 00612nam a2200181 a 4500 | ||
|---|---|---|---|
| 001 | 000031125 | ||
| 005 | 20200930062724.0 | ||
| 008 | 110613s2009 dr abc r 000 | spa d | ||
| 020 | _a9789945131161 | ||
| 082 |
_axxxx _bP644p |
||
| 100 | 1 |
_aPimentel, Amparo, _d1939- _957601 |
|
| 245 | 1 | 0 |
_aPatria, Baní, héroes y símbolos / _cAmparo Pimentel ; prólogo de Rafaela Cordero. |
| 260 |
_aSanto Domingo : _bMediabyte, _c2009. |
||
| 300 |
_a145 p. : _bil., mapa, retrs. ; _c22 cm. |
||
| 500 | _aIncluye datos biográficos del autora en la contracubierta. | ||
| 700 | 1 |
_aCordero, Rafaela _957602 |
|
| 999 |
_c30617 _d30617 |
||
| 040 | _aDO-SdBNP | ||